000 00676nam a2200205Ia 4500
005 20241129111308.0
008 241129s9999||||xx |||||||||||||| ||und||
037 _aTB
040 _aCRL
_bpun
_cCRL
041 _apun
_2pun
084 _aO153,6N50x, R0
_qCRL
100 _aਚੰਦਨ, ਅਮਰਜੀਤ, ਚ।
245 0 _aਸਾਕਾਰ
_cਚੰਦਨ, ਅਮਰਜੀਤ, ਚ।
260 _aਅੰਮ੍ਰਿਤਸਰ, ਭਾਰਤ
_bਅੰਮ੍ਰਿਤਸਰ ਸੱਚਲ ਪ੍ਰਕਾਸ਼ਨ
_c2020
300 _a96ਪ੍ਰ0
365 _aINR
_b500
650 _aPunjabi Prose
942 _cTB
_hO153,6N50x, R0
999 _c1229790
_d1229790